Personajes de "Aquí no hay quien viva" por imagen - Estadísticas

Estadísticas generales
  • Esta prueba ha sido intentada 171 veces
    162 desde el último reinicio
  • La puntuación promedio es 38 de 80
Estadísticas de respuestas
Imagen Respuesta % Correcto
Lucía Álvarez
97%
Mauricio Hidalgo
92%
Vicenta Benito
84%
Paco el del Videoclub
82%
Isabel Ruiz
80%
Juan Cuesta
80%
Carlos de Haro
79%
Concepción de la Fuente
79%
Paloma Hurtado
79%
Natalia Cuesta
77%
Roberto Alonso
77%
Antonio Ezequiel Hidalgo
76%
Belén López
75%
Emilio Delgado
75%
Yago
74%
Valentín
73%
Alicia Sanz
72%
Fernando Navarro
72%
José Miguel Cuesta
71%
Lourdes Bellesteros
71%
Marisa Benito
71%
Andrés Guerra
70%
Beatriz Villarejo
70%
Mariano Delgado
69%
Nieves Cuesta
67%
Pablo Guerra
65%
Ana (Inga)
63%
Rafael Álvarez
63%
Marta Puig (la Pantumaca)
61%
Alex Guerra
59%
Carmen Villanueva
57%
María Jesús Vázquez
57%
Higinio Heredia
56%
Diego Álvarez
54%
Mamen
53%
Bartolomé Méndez Zuloaga, maestro y mentor
52%
Rocío
52%
Chechu
51%
Padre Miguel
47%
Candela Heredia
46%
Paqui (limpiadora)
45%
Rosa Izquierdo
45%
Armando Rubio
44%
Alba
43%
José María
42%
Salvador Villarejo (hermano de Bea)
41%
Manolo
40%
Moncho Heredia
40%
Pedro Peñafiel
38%
Gregorio Navarro (administrador)
37%
Raquel
37%
Abel (babysitter)
36%
Enrique Navarro (Delito)
35%
Amparo (abuela de Roberto)
34%
Amador Carrión (portero)
30%
Federico Villanueva (director del banco)
30%
Clara Álvarez
29%
Daniel Rubio
28%
Nemesio (antiguo portero)
26%
Hermana Esperanza
24%
Toñi (madre de Paloma)
24%
Leonor Torres (madre de Mauri)
21%
Rebeca Rubio
21%
Arancha
20%
Joselito (canario)
20%
Menchu (novia de Mariano)
20%
Arturo López (padre de Belén)
19%
Antonia Martín (madre de Emilio)
18%
Isabel (asistenta)
16%
Señorita Marga
16%
Arsenio Hurtado (padre de Paloma)
15%
Marcelo Sanguinetti (terapeuta)
14%
Moisés (mayordomo)
13%
Noriyuki
13%
Trevor (compañero de Fernando)
12%
Brahma Mishael (Joaquín)
10%
Gerardo
7%
Guillermo (homófobo)
6%
Don Gustavo
5%
Padre Paulino
4%
No se encontraron pruebas coincidentes
Distribución de puntuación
Porcentaje de gente con cada puntuación
Porcentaje por número respondido
Historial de tus puntuaciones
No has intentado esta prueba desde el último reinicio